Tradičné účtovné modely a intelektuálne aktíva

Znalosti ako aktíva podniku. Transformačná základňa znalostí. Základné typy znalostných aktív. Systémy merania nehmotných aktív.

Saved in:
Bibliographic Details
Main Author: Alexy, Július, 1926-2024
Format: Book Chapter
Language:Slovak
Subjects:
Tags: Add Tag
No Tags, Be the first to tag this record!

MARC

LEADER 00000naa a2200000 4500
001 0128397
005 20240604073031.1
041 0 |a slo 
044 |a SK 
245 1 0 |a Tradičné účtovné modely a intelektuálne aktíva  |c Július Alexy 
520 |a Znalosti ako aktíva podniku. Transformačná základňa znalostí. Základné typy znalostných aktív. Systémy merania nehmotných aktív. 
610 2 0 |a metódy účtovné 
610 2 0 |a metóda BSC 
610 2 0 |a kapitál intelektuálny 
610 2 0 |a vedomosti 
610 2 0 |a výkonnosť 
610 2 0 |a hodnota sily pracovnej 
100 1 |a Alexy, Július, 1926-2024